000 00852nam a22003017a 4500
001 BR6004965
003 BR-BrBNA
005 20230928083218.0
007 ta
008 230509b bl.||||| |||| 00| 0 por d
040 _aBR-BrBNA
_bpor
_cBiblioteca Nacional de Agricultura
041 _a(Por)
072 _aE70; K10
_b8901
_b/G514
090 _ 8901 BR6004965
100 1 _aSoares, F. de A.J.
110 1 _aSuperintendencia do Desenvolvimento da Amazonia, Belem, PA (Brasil)
245 1 _aAspectos da comercializacao das madeiras amazonicas [Brasil]
260 3 _aBelem, PA (Brasil):
_c1971.
300 _a109 p.
500 _aSummaries (Por, Eng); 10 ref.
650 _aMADEIRA
650 _aCOMERCIALIZACAO
650 _aMERCADO
650 _aFLORESTA
650 _aAMAZONIA
909 _a202309
_bLucia
_c55
_dLucia Elande
942 _cBK
999 _c12176
_d12176